000 00482cam a2200193ua 4500
001 1796
008 110811n ii |||gr||||Z||||||eng
020 _a81-7024-394-7
040 _cMAIN
082 _a374
100 _aPrasad, Rajendra,
_eAuthor.
245 1 _aAdult Education
_cby Rajendra Prasad
250 _a1st.
260 _aNew Delhi:
_bAshish publishing house,991.
300 _axii; 142p:
_bill;
_c23cm.
653 _aEducation
653 _aAdult education
942 _cBK
999 _c1680
_d1680